Optimal conditions on chlorination of NR latex gloves (Record no. 64410)

MARC details
000 -LEADER
fixed length control field 00524nam a2200145Ia 4500
100 ## - MAIN ENTRY--AUTHOR NAME
Personal name Kajornchaiyakul V
245 #0 - TITLE STATEMENT
Title Optimal conditions on chlorination of NR latex gloves
260 ## - PUBLICATION, DISTRIBUTION, ETC. (IMPRINT)
Name of publisher Proceedings : Indonesian Rubber Conference and IRRDB symposiun 2000 Indonesian Rubber Research Institute, Bogor, Indonesia, 12-14 September 2000.V.II.pp.340-349.
650 ## - SUBJECT ADDED ENTRY--TOPICAL TERM
Topical Term Chlorination
650 ## - SUBJECT ADDED ENTRY--TOPICAL TERM
Topical Term NR latex gloves
700 ## - ADDED ENTRY--PERSONAL NAME
Personal name Barame S
700 ## - ADDED ENTRY--PERSONAL NAME
Personal name Kavachakul E
942 ## - ADDED ENTRY ELEMENTS (KOHA)
Koha item type Journals
Holdings
Withdrawn status Lost status Damaged status Not for loan Home library Current library Shelving location Date acquired Koha item type
      Journals RRII Library RRII Library Rubber chemistry 01/01/2021 Journals